Statistiche per Paesi che finiscono in O

Clicka qui per fare il quiz!

Statistiche generali

  • Questo quiz è stato fatto 477 volte
  • Il punteggio medio è 13 su 21

Statistiche sulle risposte

Paese che finisce in O% Corretto
Portogallo
80%
Belgio
78%
Messico
78%
Egitto
77%
Marocco
76%
RD del Congo
75%
Rep. del Congo
75%
Città del Vaticano
69%
San Marino
68%
Monaco
66%
Lussemburgo
65%
Montenegro
65%
Togo
63%
Lesotho
62%
Libano
60%
Mozambico
60%
Cipro
57%
Regno Unito
54%
Costa d'Avorio
42%
Burkina Faso
41%
Trinidad e Tobago
37%

Distribuzione punteggi

Percentile per numero di risposta

Percentuale di utenti per punteggio

I tuoi punteggi nel tempo

Non hai fatto questo quiz